00714nam a2200181 a 450000100100000000500170001000800410002704000250006808200140009310000310010724500920013826001000023030000280033050000360035804900090039495201120040399900170051500002209420200930011559.0100916s1984 dr a r 000 |bspa d aDO-SdBNPbspacBNPHU axxxbO39m1 aOjeda Reyes, Félix9338210aLa manigua en Paris :bcorrespondencia diplomatica de Betances /cFélix Ojeda Reyes . aSanto Domingo :aSan Juan , Puerto Rico :bCentro de Estudios Avanzados de Puerto Ricos,c1984. a154 p. :bil. ;c23 cm. aIncluye cita al pie de página aBNGR 0010718PDaGRbGRcCTd2010-09-16iLF1l0oxxx O39mp22094-10r2020-06-25w2020-06-25yLFPDZNo se presta c21592d21592